Countries that End in S - Statistics

General Stats
  • This quiz has been taken 1,877 times
    1,815 since last reset
  • The average score is 13 of 17
Answer Stats
Country % Correct
Laos
83%
Marshall Islands
83%
Solomon Islands
83%
Bahamas
82%
Barbados
81%
Saint Kitts and Nevis
81%
Saint Vincent and the Grenadines
76%
Seychelles
76%
Comoros
75%
Philippines
74%
Honduras
73%
Netherlands
72%
Maldives
71%
Belarus
70%
Mauritius
68%
Cyprus
64%
United Arab Emirates
57%
No matching quizzes found
Score Distribution
Percent of People with Each Score
Percentile by Number Answered
Your Score History
You have not taken this quiz since the last reset